| 000 | 00689nam a22001937a 4500 | ||
|---|---|---|---|
| 005 | 20180523105951.0 | ||
| 010 | _aENG-123079 | ||
| 020 |
_a9789386618368 _c1495.00 |
||
| 035 | _aEN-106611 | ||
| 037 | _bDBAD/PUB | ||
| 082 | _a382.091824 | ||
| 100 | _aRajesh, M.H. | ||
| 245 |
_aChina in the indian ocean : _cby M.H. Rajesh _bone ocean, many strategies / |
||
| 260 |
_aNew Delhi _bPentagon Press _c2018 |
||
| 270 |
_a206,Peacock Lane, Shahpur Jat, _bNew Delhi _e110049 _k011-64706243, 26491568 _l011-26490600 _mranjan@pentagonpress.in |
||
| 300 |
_axxiv, 346p. _c23cm(Hb) _bill. |
||
| 500 | _aIt include bibliography and index | ||
| 942 |
_2ddc _cEN _h382.091824 _mRAJ |
||
| 999 |
_c152214 _d152214 |
||